| 000 | 00419nam a2200145Ia 4500 | ||
|---|---|---|---|
| 008 | 210210b1993 xxu||||| |||| 00| 0 eng d | ||
| 082 | _a820.954 DEVI | ||
| 100 | _aDEVY (G N). | ||
| 245 | _aIn another tongue:essays on Indian literature in english. | ||
| 260 |
_aN D _bMacmillan India Ltd. _c1993 |
||
| 300 | _axxi,174 | ||
| 650 | _aIndian English Literature | ||
| 690 | _aIndian English Literature | ||
| 906 | _a053012 | ||
| 999 |
_c101301 _d101301 |
||